| 000 | 01007nam0a2200325 4500 | ||
|---|---|---|---|
| 001 | RU\NLR\BIBL_A\012409840 | ||
| 005 | 20201214111937.0 | ||
| 010 |
_a978-5-907296-15-2 _9100 |
||
| 021 |
_aRU _bКН-П-20-046553 _9КН-П-20-3551 |
||
| 035 | _a(NLR Aleph) 012409840 | ||
| 035 | _a(RuMoRGB)010396054 | ||
| 090 |
_a11769835 _c11769835 |
||
| 100 | _a20201123d2020 u y0rusy50 ca | ||
| 101 | 0 | _arus | |
| 102 | _aRU | ||
| 105 | _ay z ||000g | ||
| 181 | 0 |
_ai _baxxe |
|
| 182 | 0 | _an | |
| 200 | 1 |
_aДуша и гвозди _e[стихотворения] _fНиколай Пятикопов |
|
| 203 |
_aТекст _bвизуальный _cнепосредственный |
||
| 210 |
_aСанкт-Петербург _cDARIKNIGI.RU _d2020 |
||
| 215 |
_a96 с. _d21 |
||
| 686 | 2 | _aШ6(2=Р)8-5 | |
| 700 | 1 |
_aПятикопов _bН. _gНиколай |
|
| 942 | _cBOOK | ||
| 980 | _aNBR | ||
| 980 | _aNB | ||